000 00319nam a2200121Ia 4500
008 190216s9999||||xx |||||||||||||| ||und||
100 _aPrem Arora
245 0 _aConstitutional Development And National Movement In India
260 _bBook Hive Pub
_c1974
300 _a140p
650 _aPolitical Science
942 _cBK
999 _c34834
_d34834